Essays on the friends of Jesus / (Record no. 15872)

MARC details
000 -LEADER
fixed length control field 01146cam a22002651a 4500
001 - CONTROL NUMBER
control field ca 24000751
003 - CONTROL NUMBER IDENTIFIER
control field DLC
005 - DATE AND TIME OF LATEST TRANSACTION
control field 20260227111113.0
008 - FIXED-LENGTH DATA ELEMENTS--GENERAL INFORMATION
fixed length control field 840306s1924 ksu 000 0 eng
010 ## - LIBRARY OF CONGRESS CONTROL NUMBER
LC control number ca 24000751
035 ## - SYSTEM CONTROL NUMBER
System control number (OCoLC)10490967
040 ## - CATALOGING SOURCE
Original cataloging agency DLC
Transcribing agency KPT
Modifying agency DLC
042 ## - AUTHENTICATION CODE
Authentication code premarc
050 00 - LIBRARY OF CONGRESS CALL NUMBER
Classification number BT309
Item number .H34
100 1# - MAIN ENTRY--PERSONAL NAME
Personal name Harvey, Alexander,
Dates associated with a name 1868-1949.
245 10 - TITLE STATEMENT
Title Essays on the friends of Jesus /
Statement of responsibility, etc. Alexander Harvey.
260 ## - PUBLICATION, DISTRIBUTION, ETC.
Place of publication, distribution, etc. Girard, Kan. :
Name of publisher, distributor, etc. Haldeman-Julius Co.,
Date of publication, distribution, etc. c1924.
300 ## - PHYSICAL DESCRIPTION
Extent 64 p. ;
Dimensions 13 cm.
440 #0 - SERIES STATEMENT/ADDED ENTRY--TITLE
Title Little blue book ;
Volume/sequential designation no. 533
500 ## - GENERAL NOTE
General note Pages 61-64 contain advertising matter.
505 0# - FORMATTED CONTENTS NOTE
Formatted contents note The secret of Judas Iscariot -- Jesus in our inferno -- The dilemma of doubting Thomas -- The Pharisee's lady friend -- The healing of the paralytic -- The dark hour on Calvary -- The sceptics of Golgotha.
500 ## - GENERAL NOTE
General note Published 14 February 1924; copies deposited at Library of Congress 29 February 1924. Advertised 16 February 1924, Haldeman-Julius Weekly, p. 1.
500 ## - GENERAL NOTE
General note Later printings lack three advertisements on outer back cover.
600 00 - SUBJECT ADDED ENTRY--PERSONAL NAME
Personal name Jesus Christ
General subdivision Friends and associates.

No items available.

Powered by Koha